| 000 | 00731nam a2200229Ia 4500 | ||
|---|---|---|---|
| 003 | OSt | ||
| 005 | 20230519124206.0 | ||
| 008 | 210423s2009 xx 000 0 und d | ||
| 020 | _a978-0-387-76500-6 | ||
| 040 | _cAL | ||
| 041 | _aeng | ||
| 082 |
_a620.11299 _223 _bWILT |
||
| 100 |
_aWILLIAMS (David B);CARTER (C Barry) _9109669 |
||
| 245 |
_aTransmission electron microscopy: part 2: diffraction Ed 2 _bTextbook for materials science |
||
| 250 | _a2 | ||
| 260 |
_aNew York _bSpringer Verlag _c2009 |
||
| 300 |
_alxii,197-368 _bPB |
||
| 365 |
_b1311.56 _cINR |
||
| 650 |
_aEngineering _9109670 |
||
| 906 | _a2: ; diffraction ; Ed ; electron ; materials ; microscopy: ; science ; Textbook ; Transmission | ||
| 942 |
_2ddc _cBK |
||
| 999 |
_c166862 _d166862 |
||